BBC Sports Personality of the Year - Statistics

General Stats
  • This quiz has been taken 69 times
  • The average score is 28 of 65
Answer Stats
Year Sport Answer % Correct
2014, 2020 Formula One Lewis Hamilton
98%
2013, 2015, 2016 Tennis Andy Murray
94%
2001 Football David Beckham
83%
2009 Football Ryan Giggs
81%
1994, 1996 Formula One Damon Hill
75%
1984 Figure Skating Torvill & Dean
71%
2003 Rugby Union Jonny Wilkinson
65%
1986, 1992 Formula One Nigel Mansell
65%
1979 Athletics Sebastian Coe
65%
2012 Cycling Bradley Wiggins
63%
1981 Cricket Ian Botham
63%
1999 Boxing Lennox Lewis
63%
1998 Football Michael Owen
63%
2000 Rowing Steve Redgrave
63%
2021 Tennis Emma Raducanu
60%
1973 Formula One Jackie Stewart
60%
1989 Golf Nick Faldo
60%
2008 Cycling Chris Hoy
58%
2005 Cricket Andrew Flintoff
56%
1988 Snooker Steve Davis
56%
2019 Cricket Ben Stokes
54%
1966 Football Bobby Moore
54%
2007 Boxing Joe Calzaghe
52%
1993 Athletics Linford Christie
52%
1990 Football Paul Gascoigne
52%
2010 Horse Racing Tony McCoy
52%
2004 Athletics Kelly Holmes
48%
2018 Cycling Geraint Thomas
46%
1967, 1970 Boxing Henry Cooper
46%
2011 Cycling Mark Cavendish
46%
2023 Football Mary Earps
46%
2017 Athletics Mo Farah
46%
1983 Athletics Steve Cram
46%
1995 Athletics Johnathan Edwards
44%
1971 Eventing Princess Anne
44%
2006 Eventing Zara Phillips
44%
2024 Athletics Keely Hodgkinson
42%
1985 Boxing Barry McGuigan
40%
1977 Tennis Virginia Wade
40%
1982 Athletics Daley Thompson
38%
1997 Tennis Greg Rusedski
38%
1978 Athletics Steve Ovett
38%
1961 Formula One Stirling Moss
38%
2022 Football Beth Mead
33%
1991 Athletics Liz McColgan
33%
1980 Figure Skating Robin Cousins
29%
1969 Tennis Ann Jones
27%
1987 Athletics Fatima Whitbread
27%
1976 Figure Skating John Curry
25%
1959 Motorcycle Racing John Surtees
25%
1974 Athletics Brendan Foster
23%
1954 Athletics Christopher Chataway
23%
1972 Athletics Mary Peters
23%
1968 Athletics David Hemery
19%
1964 Athletics Mary Rand
19%
1960 Show Jumping David Broome
13%
1975 Cricket David Steele
13%
1956 Cricket Jim Laker
10%
1958 Swimming Ian Black
8%
1965 Cycling Tom Simpson
8%
1962 Swimming Anita Lonsbrough
6%
1963 Athletics Dorothy Hyman
6%
1955 Athletics Gordon Pirie
4%
1957 Golf Dai Rees
2%
2002 Athletics Paula Redcliffe
0%
No matching quizzes found
Score Distribution
Percent of People with Each Score
Percentile by Number Answered
Your Score History
You have not taken this quiz